Histoire du monde contemporain 1945-1991
Guardat en:
| Autor principal: | |
|---|---|
| Format: | Llibre |
| Idioma: | francès |
| Publicat: |
París
Fayard
1991
|
| Matèries: | |
| Etiquetes: |
Afegir etiqueta
Sense etiquetes, Sigues el primer a etiquetar aquest registre!
|
MARC
| LEADER | 00000nam a2200000 a 4500 | ||
|---|---|---|---|
| 001 | UCX7597 | ||
| 003 | CL-VaPUC | ||
| 008 | 931221e19910000FR |||||||||||||||||fre|d | ||
| 082 | 0 | 4 | |a 909.82 |b MIQ |2 21 |
| 100 | |a Miquel, Pierre |e autor |9 587530 | ||
| 245 | 1 | 0 | |a Histoire du monde contemporain 1945-1991 |
| 300 | |a 657 p | ||
| 942 | |c BK | ||
| 945 | |d 19931221 00:00:00 |a aalvarez | ||
| 260 | |a París |b Fayard |c 1991 | ||
| 650 | 7 | |a HISTORIA MODERNA SIGLO 20 |2 CL-VaPUC |9 319336 | |
| 583 | |a last modification |c 19931221 00:00:00 |k Rodrigo Vera | ||
| 999 | |c 227381 |d 227379 | ||
| 952 | |0 0 |1 0 |4 0 |6 909_820000000000000_MIQ_1991 |7 0 |8 A |9 226344 |a BIBHIS |b BIBHIS |d 2019-11-15 |i 2954451 |o 909.82 MIQ 1991 |p 2954451 |r 2025-01-20 |w 2019-11-15 |y BK |k HIS | ||